000 00844nam a2200265Ia 4500
003 OSt
005 20220918214510.0
006 a|||||r|||| 00| 0
007 ta
008 220917b |||||||| |||| 00| 0 eng d
024 _a137,701
037 _cTextual
040 _aARTS
_cARTS
_beng
041 _2eng
_aeng
082 _aY:351(Q).42.N5, K8
100 _aHori Ichire
_9131509
245 0 _aFolk religions in Japan
_b Continuity and change ed by Joseh M Kitagawa and Alan L Miller
260 _aChicago
_bUniversity of Chicago Press
_c1968
300 _axv, 278p.
_ccm.
490 _aHaskall Lectures on history of reliogions new series ed by Josephy M Kitagawa; 1
500 _aBibliography 253-264
650 _aSOCIOLOGY
942 _hY:351(Q).42.N5, K8
_cTEXL
_2CC
999 _c260780
_d260780